Quizzes
Events
Quiz Creation
Community
Videos
Private Events
Remove Ads
Sign In
Join for FREE
Feedback
Dark Mode
Quiz Categories
Sports
Geography
Music
Movies
Television
Just For Fun
Miscellaneous
History
Literature
Language
Science
Gaming
Entertainment
Religion
Holiday
For Kids
Quiz Lab
Recent
Popular Today
Quiz Kudos Today
Editor Picks
Curator Picks
Quizzes by...
Day
Popularity
Type
Ratings
Length
Year
Community
Subscriptions
Recent Discussions
Orange Saloon
Badges
Playlists
Quests
Create
Leaderboards
Showdown
Live 5
Trivia Bingo
Activity
Puzzle Library
Sporcle Events
Private Events
Virtual Trivia
Globe League
Become a Host
Pub Owners
SporcleCon
Opinionation
Our Games
Videos
Blog
Mobile Apps
Partnerships
Remove Ads and Go Orange
Feedback
Sports
Athletes
MLB
NBA
NHL
NFL
Soccer
Sports Teams
WWE
NCAA
Football
Premier League
Basketball
Baseball
Hockey
Golf
Tennis
Cricket
Rugby
Auto Racing
Olympics
World Cup
Sports
Athletes
MLB
NBA
NHL
NFL
Soccer
Sports Teams
WWE
NCAA
Football
Premier League
Basketball
Baseball
Hockey
Golf
Tennis
Cricket
Rugby
Auto Racing
Olympics
World Cup
Random Quiz
Search Sporcle
×
Quiz Lab
Quiz Lab
Sports
nfc
Type in answers that appear in a list
Type in answers that appear in a list
Classic
Best Score? Go Orange.
Top Twenty Guys In The NFC North (Current) Stats
Can you name the Top Twenty Guys In The NFC North (Current)?
By
favreisthebest
4m
20 Questions
853 Plays
853 Plays
853 Plays
Comments
Comments
Give Quiz Kudos
Give Quiz Kudos
-
- Ratings
hide this ad
More Info
Random Order
Randomize order of answers
Randomize order of answers
Replay
Link that replays current quiz
Next Quiz
Link to next quiz in quiz playlist
You Got
0%
They Got
Avg Score
67%
Avg Friend Score
Upgrade to see
Score Distribution
Jump to the score distribution portion of the page
Score
0/20
Timer
04:00
0
Plays Today
% Correct
Aaron Rodgers
99.6%
Adrian Peterson
98.6%
Clay Matthews
93.7%
Calvin Johnson
89.8%
Greg Jennings
89.3%
Chad Greenway
89%
Charles Woodson
86.3%
Ndamukong Suh
82.3%
Matt Forte
77.4%
Jared Allen
74.3%
% Correct
Julius Peppers
69.8%
Charles Tillman
69.6%
Jay Cutler
68.8%
Lance Briggs
63%
Percy Harvin
58%
Nick Collins
32%
Steve Hutchinson
31.3%
Antoine Winfield
30%
Brian Urlacher
25.8%
Tramon Williams
23%
Quiz Playlist
Details
Report
Send in Message
Add To Playlist
More Info:
top guys currently in the NFC North THIS IS A OPINION
Classic:
Type in answers that appear in a list
Random Order:
Randomize order of answers
Last Updated: Feb 16, 2017
Quiz Scoreboard
CHALLENGE
Sign Up to Join the Scoreboard
Show All
Scores
Hide
Comments
May contain spoilers
Recently Published
Movies - When Are They Set?
by FPL_Elf
Movies
5m
Popular People in 1961
by mucciniale
History
6m
1-10 Letter E Words III
by El_Dandy
Language
2m
More to Explore
Quiz From the Vault
Featured Blog Post
Where Did the Easter Bunny Come From?
hide this ad
You Might Also Like...
Tags
Guy
nfc
NFC North
north
Top Twenty
Twenty
Today's Top Quizzes in Sports
Browse Sports
hide this ad
Today's Top Quizzes in nfc
Browse nfc
Top Contributed Quizzes in Sports
1
Les meilleurs buteurs des matchs entre le PSG et l’OM
2
2022 World Cup Stars
3
FIFA Club World Cup Champions
4
Les entraîneurs de l'OM et du PSG au 21e siècle
5
Name the Premier League winners with different clubs
6
La finale Lions - Afrique du Sud 2021
7
Criteria MLB: Left Handed Sluggers
8
Les joueurs passés par le LOSC et le RC Lens
9
Players with Multiple 50 Home Run Seasons
10
MLB Players with Two .350 Batting Average Seasons
Explore More
Trending Topics
NBA
Marvel
Crossword
Disney
Anime
Kpop
Harry Potter
Song
Country
Soccer
Puzzle
The Office
WWE
Pokémon
NFL
hide this ad
More By:
favreisthebest
Quiz
Plays
Rating
Category
Featured
Created
Top Ten Defenses Of The 2000's
98
2.25
Sports
Feb 13, 2011
Facts From The 2006 NFL Draft
83
2.33
Sports
Feb 13, 2011
Top Twenty Running Backs In The NFL
80
3.33
Sports
Feb 14, 2011
Top Ten Players In NFC North History
68
Sports
Feb 14, 2011
Go to Creator's Profile
Score Distribution
Quiz Creator Spotlight
favreisthebest
Follow
Send a Message
Quizzes Created
-
Created Quiz Play Count
-
More By This Creator
Popular Quizzes Today
1
Find the Countries of Europe - No Outlines Minefield
2
Find the US States - No Outlines Minefield
3
The Countries of the World
4
Popular People in 1961
5
US States
6
1-10 Letter E Words III
7
Find the US States
8
One Thing in Common: World Cities II
More Sports Quizzes
Obscure Knowledge - All-Time Premier League Clubs
Published
Trending Quizzes
Risky Map Clicking: Least Populous States A-Z
1-10 Letter F Words
1-10 Letter G Words
One Thing in Common: United Kingdom
Risky Map Clicking: Next State Alphabetically
Recently Updated
Leaping Animals
pecheneg
Reality TV Shows (A-Z)
bhenderson79
Rickey Henderson's Hall of Fame Teammates
pecheneg
Champions League XIs: Arsenal
pecheneg
Quick Pick: Celebrities in WWE's Hall of Fame
aduchscher
A-Z Keypad Blitz II
pecheneg
Multiple Oscar Actors
pecheneg
Mystery Phrase Blitz: Oscar 'Best Actors'
pecheneg
F. Scott Fitzgerald Novels
LTH
Pick 3 Villains
ddd62291
Trending Topics
Anime
Harry Potter
Disney
Marvel
Kpop
Crossword
NBA
WWE
Pokémon
The Office
Soccer
NFL
Puzzle
Song
Country
Your Account Isn't Verified!
In order to create a playlist on Sporcle, you need to verify the email address you used during registration. Go to your
Sporcle Settings
to finish the process.
Report this User
Report this user for behavior that violates our
Community Guidelines
.
Details:
Send Report
Go to the Sporcle.com Mobile Site →
Comments